[Event "May 1800+"]
[Site "SchemingMind.com"]
[Date "2016.07.17"]
[Round "-"]
[White "JAHI"]
[Black "Stephen Woodhouse"]
[Result "0-1"]
[WhiteCountry "INT"]
[BlackCountry "ENG"]
[WhiteElo "1998"]
[WhiteRD "58"]
[BlackElo "1891"]
[BlackRD "56"]
[GameID "401586"]

1. g3 e6 2. Bg2 d5 3. c3 Nf6 4. a3 c5 5. a4 Nc6 6. b3 Bd6 7. Na3 O-O 8. Nc2 e5 9. Bb2 Be6 10. Ra3 c4
11. bxc4 Bxa3 12. Bxa3 Re8 13. cxd5 Bxd5 14. Bxd5 Qxd5 15. f3 e4 16. Ne3 Qe6 17. Qb1 Nd5 18. Bc5 b6 19. Nxd5 Qxd5 20. Be3 Na5
21. fxe4 Qxe4 22. Qxe4 Rxe4 23. Bd4 Rae8 24. e3 Nb3 25. Nf3 Nc5 26. a5 Nb3 27. axb6 Nxd4 28. Nxd4 axb6 29. Kf2 Kf8 30. Rb1 Rb8
0-1

[Event "May 1800+"]
[Site "SchemingMind.com"]
[Date "2016.07.19"]
[Round "-"]
[White "frankly"]
[Black "JAHI"]
[Result "1-0"]
[WhiteCountry "ENG"]
[BlackCountry "INT"]
[WhiteElo "2473"]
[WhiteRD "59"]
[BlackElo "1998"]
[BlackRD "58"]
[GameID "401587"]

1. e4 g6 2. d4 Bg7 3. Nc3 c6 4. Nf3 a6 5. Be2 a5 6. Bf4 b6 7. e5 Na6 8. Qd2 h6 9. O-O h5 10. Bg5 Nh6
11. d5 Nc5 12. d6 Ng8 13. Rfe1 Bh6 14. a3 Ne6 15. h4 Bxg5 16. hxg5 Ba6 17. Bxa6 Rxa6 18. Rad1 Ra7 19. Nh4 a4 20. Ne4 Kf8
21. f4 Ng7 22. e6 dxe6 23. d7 c5 24. Nf3 Nf5 25. Ne5
1-0

[Event "May 1800+"]
[Site "SchemingMind.com"]
[Date "2016.07.17"]
[Round "-"]
[White "JAHI"]
[Black "frankly"]
[Result "0-1"]
[WhiteCountry "INT"]
[BlackCountry "ENG"]
[WhiteElo "1998"]
[WhiteRD "58"]
[BlackElo "2473"]
[BlackRD "59"]
[GameID "401588"]

1. g3 d5 2. Bg2 Nf6 3. c3 e5 4. a3 Bd6 5. a4 Qe7 6. b3 O-O 7. Na3 Nc6 8. h3 e4 9. h4 Ne5 10. Nh3 Nd3+
11. Kf1 Bg4 12. Nb5 Bxg3 13. Ba3 c5 14. Qc2 Bxe2+ 15. Kxe2 Bxh4 16. c4 d4 17. Kd1 Ng4 18. Rf1 Qe5 19. Qb1 Bxf2 20. Kc2 f5
21. Nxf2 Ngxf2 22. b4 b6 23. Qb3 a6 24. Nxd4 Qxd4 25. Qc3 Qd7 26. bxc5 Rfb8 27. c6 Qxc6
0-1

[Event "May 1800+"]
[Site "SchemingMind.com"]
[Date "2016.07.19"]
[Round "-"]
[White "flyinduck"]
[Black "JAHI"]
[Result "1/2-1/2"]
[WhiteCountry "CAN"]
[BlackCountry "INT"]
[WhiteElo "2042"]
[WhiteRD "57"]
[BlackElo "2047"]
[BlackRD "58"]
[GameID "401589"]

1. d4 g6 2. e4 Bg7 3. Nc3 c6 4. Be3 a6 5. Qd2 a5 6. Bd3 b6 7. h4 Na6 8. h5 b5 9. Nf3 Nc7 10. O-O-O Ba6
11. Rh2 b4 12. Ne2 Bxd3 13. cxd3 gxh5 14. Rxh5 Nf6 15. Rh3 Qb8 16. Rdh1 b3 17. a3 Ne6 18. e5 Nd5 19. Rxh7 Rg8 20. Ng5 Nf8
21. R7h3 f6 22. exf6 Bxf6 23. Rg3 Qa7 24. Ne4 Rxg3 25. Nxf6+ exf6 26. Nxg3 a4 27. Ne4 f5 28. Nd6+ Kd8 29. Nxf5 Ne6 30. Rh8+ Kc7
31. Rh7 Rd8 32. Bg5 Rg8 33. Bh4 Rxg2 34. Bg3+ Kb6 35. Rh1 Ka6 36. Nh4 Rxg3 37. fxg3 Nxd4 38. Kb1 Qb8 39. Qf2 Nc2 40. Nf5 Qe5
41. Rc1 Kb7 42. g4 Nc7 43. Rxc2 bxc2+ 44. Qxc2 Qe1+ 45. Ka2 Qe6+ 46. Qc4 Nd5 47. Ng3 Kc7 48. Ne4 Qxg4 49. Qxa4 Kb8 50. Nc5 Qg8
51. Nxd7+ Kc7 52. Qa7+ Kd6 53. Qb8+ Qxb8 54. Nxb8 c5 55. Na6 Nf4 56. b4 Nxd3 57. b5 c4 58. a4 c3 59. Kb3 Nb2 60. Nb4 Kc5
61. Na2 Nc4 62. Nxc3 Nd2+ 63. Kc2 Nc4 64. Kb3 Nd2+ 65. Kc2 Nc4 66. Kb3 Nd2+ 67. Kc2
1/2-1/2

[Event "May 1800+"]
[Site "SchemingMind.com"]
[Date "2016.07.18"]
[Round "-"]
[White "JAHI"]
[Black "flyinduck"]
[Result "1/2-1/2"]
[WhiteCountry "INT"]
[BlackCountry "CAN"]
[WhiteElo "2028"]
[WhiteRD "57"]
[BlackElo "2021"]
[BlackRD "57"]
[GameID "401590"]

1. g3 d5 2. Bg2 c5 3. c3 Nc6 4. a3 Nf6 5. a4 e5 6. b3 Bd6 7. Na3 Be6 8. Nc2 h5 9. Ba3 h4 10. Rc1 Qc7
11. gxh4 Rxh4 12. Nf3 Rh5 13. Ng1 O-O-O 14. b4 c4 15. Nf3 Rdh8 16. b5 Ne7 17. Bxd6 Qxd6 18. d3 cxd3 19. exd3 g5 20. Ne3 g4
21. Nd2 Rxh2 22. Rxh2 Rxh2 23. Ndf1 Rh8 24. c4 Qb4+ 25. Qd2 Qxd2+ 26. Nxd2 Kb8 27. cxd5 Nexd5 28. Nxd5 Nxd5 29. Bxd5 Bxd5 30. Rc5 Rh1+
31. Ke2 Be6 32. a5 Ra1 33. b6 axb6 34. axb6 Ra2 35. Rxe5 Rb2 36. Ke3 Rxb6 37. f3 gxf3 38. Nxf3 Kc7 39. Ng5 Kd6 40. d4 Rb1
41. Kd3 Rd1+ 42. Kc3 b6 43. Rb5 Kc6 44. Re5 Bd5 45. Rf5 Be6 46. Re5 Bd5 47. Rf5 Be6 48. Re5 Bd5
1/2-1/2